| 000 | 00591nam a22002057a 4500 | ||
|---|---|---|---|
| 003 | OSt | ||
| 005 | 20180116192432.0 | ||
| 008 | 160406t xxu||||| |||| 00| 0 eng d | ||
| 020 | _a9780992948504 | ||
| 040 | _c0 | ||
| 082 | _a720.711421 | ||
| 245 |
_aMArch GAD : _bgraduate architectural design 2013-2014. |
||
| 260 |
_aLondon: _bBartlett prospective, _c2014. |
||
| 300 |
_a114p.: _bill; _c25cm. |
||
| 650 | 1 |
_a Structural design. _98342 |
|
| 650 | 1 |
_aArchitectural drawing. _98343 |
|
| 650 | 1 |
_aArchitectural design. _98344 |
|
| 650 | 1 |
_aArchitecture _bResearch. _98345 |
|
| 942 |
_2ddc _cBK |
||
| 999 |
_c354136 _d354136 |
||